000 00397nam a22001937a 4500
003 UA-OsUOA
001 2373
007 ta
008 20050721b un ||||| |||| 00| 0 ukr d
100 _aEnger
700 _aN. L.
700 _aHower
700 _aP. W.
942 _cBK
040 _aUA-OsUOA
_cUA-OsUOA
_dUA-OsUOA
245 _aComputer security.
_bManagement
955 _a2
650 7 _2UDC
999 _c288535
_d288535